| 000 | 00798na a2200277 4500 | ||
|---|---|---|---|
| 001 | 15063 | ||
| 003 | MIRAKIL | ||
| 005 | 20181213154852.0 | ||
| 008 | 161019b tu 000 0 | ||
| 035 | _a15017 | ||
| 040 |
_aMilas _btur _cTR-AnCHP |
||
| 041 | _atur | ||
| 082 |
_aCHP 923.2 Avşargil,T.D. _bA87c [t.y.] |
||
| 090 | _aCHP 923.2 Avşargil,T.D. A87c [t.y.] | ||
| 100 | _aAvşargil,Tufan Doğan | ||
| 245 |
_a[CHP'li yıllar] _cTufan Doğan Avşargil |
||
| 246 | _aCHPli yıllar | ||
| 260 |
_a[y.y.] _b[yay.y.] _c[t.y] |
||
| 300 |
_a230 s. _bfotg. _c21 sm. |
||
| 504 | _aKaynakça var. | ||
| 600 |
_aAvşargil,Tufan Doğan _cCHP Kayseri Milletvekili _xAnılar |
||
| 610 |
_aCHP _xTarih |
||
| 610 |
_aCHP _xMilletvekilleri _yAnılar |
||
| 650 | _aSiyasal anılar | ||
| 942 |
_2dcc _cBKS |
||
| 999 |
_c2304 _d2304 |
||